000 00680nam a2200169 a 4500
001 000040517
005 20201002034202.0
008 130829s2015 dr 000 0 spa d
040 _aDO-SdBNP
_bspa
_cBNPHU
110 2 _aRepública Dominicana
_9447
245 1 0 _aley no. 247-12 :
_borgánica de administración pública y ley 107-13 sobre los derechos de las personas en sus relaciones con la administración y de procedimiento administrativo /
_cedición Héctor bienvenido Guzmán.
246 _aLey 107-13
260 _aSanto Domingo :
_bEditora Dalis,
_c2015.
300 _a102 p. ;
_c22 cm.
500 _aEdición 35 aniversario
700 1 2 _aGuzmán, Héctor bienvenido
_966820
999 _c40007
_d40007